Vida y obra de la M.R.M. Elisea Oliver Molina, fundadora de la Congregación de Hermanas de la Beatísima Virgen María del Monte Carmelo, de la T.O. de Carmelitas / (Record no. 101815)

MARC details
000 -LEADER
campo de control de longitud fija 00675nam a2200181 i 4500
001 - NÚMERO DE CONTROL
campo de control 101815
003 - IDENTIFICADOR DE NÚMERO DE CONTROL
campo de control ES-MaACL
005 - FECHA Y HORA DE LA ÚLTIMA TRANSACCIÓN
campo de control 20230906183002.0
007 - CAMPO FIJO DE DESCRIPCIÓN FÍSICA--INFORMACIÓN GENERAL
campo de control de longitud fija t|
008 - DATOS DE LONGITUD FIJA--INFORMACIÓN GENERAL
campo de control de longitud fija 051026s1959 sp f |||| |bspa d
100 1# - ENTRADA PRINCIPAL--NOMBRE DE PERSONA
Nombre de persona Melús, Rafael María L.
9 (RLIN) 80031
245 10 - MENCIÓN DEL TÍTULO
Título Vida y obra de la M.R.M. Elisea Oliver Molina, fundadora de la Congregación de Hermanas de la Beatísima Virgen María del Monte Carmelo, de la T.O. de Carmelitas /
Mención de responsabilidad, etc. Rafael María L. Melús.
260 ## - PUBLICACIÓN, DISTRIBUCIÓN, ETC.
Lugar de publicación, distribución, etc. Orihuela (Alicante) :
Nombre del editor, distribuidor, etc. H.H. Carmelitas,
Fecha de publicación, distribución, etc. 1959.
300 ## - DESCRIPCIÓN FÍSICA
Extensión 375 p., 6 lám. ;
Dimensiones 19 cm.
600 14 - PUNTO DE ACCESO ADICIONAL DE MATERIA--NOMBRE DE PERSONA
Nombre de persona Oliver Molina, Elisea.
9 (RLIN) 86840
710 2# - ENTRADA AGREGADA--NOMBRE DE ENTIDAD CORPORATIVA
Nombre de entidad corporativa o nombre de jurisdicción como elemento de entrada Carmelitas.
9 (RLIN) 170526
852 ## - LOCALIZACIÓN
Ubicación ES-MaACL
Número de control de estantería C-16298
Holdings
Estatus retirado Estado de pérdida Estado de daño No para préstamo Biblioteca de origen Biblioteca actual Ubicación en estantería Fecha de adquisición Fuente de adquisición Total de préstamos Signatura topográfica completa Código de barras Visto por última vez Precio de reemplazo Tipo de ítem Koha
        Biblioteca del Ateneo de Madrid Biblioteca del Ateneo de Madrid Galería 17/01/2008     C-16298 1106291 23/02/2023 23/02/2023 Libro impreso